000 00763nam a2200265 a 4500
001 60091
003 BD-RjUL
005 20211209080813.0
008 161227s1971 enkab bs 000 0 eng
020 _a0192153420
035 _a(BD-RjUL)60215
040 _aDLC
_cDLC
_dDLC
_dBD-RjUL
_beng
041 _aeng
082 0 0 _223
_a330.955
_bBHE 1971
100 1 _aBharier, Julian.
_9178846
245 1 0 _aEconomic development in Iran, 1900-1970 /
260 _aLondon ;
_aNew York :
_bOxford University Press,
_c1971.
300 _axviii, 314 p.;
_b1 illus., map.
_c23 cm.
350 _a£3.75
500 _aMap on lining paper.
504 _aBibliography: p. 283-303.
651 0 _aIran
_xEconomic conditions.
_9173460
942 _2ddc
_cBK
999 _c60091
_d60091